书目信息 |
| 题名: |
汽车驾驶员常识问答
|
|
| 作者: | 本编写组 编 | |
| 分册: | ||
| 出版信息: | 北京 人民交通出版社 1975.11 |
|
| 页数: | 188页 | |
| 开本: | 20cm | |
| 丛书名: | ||
| 单 册: | ||
| 中图分类: | U471.3 | |
| 科图分类: | ||
| 主题词: | 公路运输 | |
| 电子资源: | ||
| ISBN: | ||
| 000 | 00550nam0 2200193 45 | |
| 001 | 0312221749 | |
| 005 | 20031222170902.0 | |
| 010 | @dCNY0.65 | |
| 100 | @a20031222d1975 km y0chiy0120 ea | |
| 101 | @achi | |
| 105 | @a z 000yy | |
| 200 | 1 | @a汽车驾驶员常识问答@AQi Che Jia Shi Yuan Chang Shi Wen Da@f本编写组编@FBen Bian Xie Zu Bian |
| 210 | @a北京@c人民交通出版社@d1975.11 | |
| 215 | @a188页@d20cm | |
| 606 | 0 | @a公路运输 |
| 690 | @aU471.3@v3 | |
| 701 | 0 | @a本编写组@4编 |
| 801 | @aCN@bTSTCL@c20031222 | |
| 905 | @a213230@dU471.3@e10-2@b107469@f1 | |
| 汽车驾驶员常识问答/本编写组编.-北京:人民交通出版社,1975.11 |
| 188页;20cm |
| ISBN :CNY0.65 |
| ● |
| 相关链接 |
|
|
|
|
正题名:汽车驾驶员常识问答
索取号:U471.3/10-2
 
预约/预借
| 序号 | 登录号 | 条形码 | 馆藏地/架位号 | 状态 | 备注 |
| 1 | 0107469 | 001574291 | 第二样本阅览室/ [索取号:U471.3/10-2] | 在馆 |